Pokémon que empiezan por la letra K - Estadísticas

Estadísticas generales
  • Esta prueba ha sido intentada 19 veces
  • La puntuación promedio es 19 de 31
Estadísticas de respuestas
Gen. Tipo Nombre % Correcto
I Roca/Agua Kabuto
83%
I Roca/Agua Kabutops
83%
I Psíquico Kadabra
83%
I Bicho/Veneno Kakuna
83%
II Agua/Dragon Kingdra
83%
I Agua Kingler
83%
III Psíquico/Hada Kirlia
75%
I Agua Krabby
75%
V Tierra/Siniestro Krokorok
75%
I Normal Kangaskhan
67%
I Veneno Koffing
67%
III Agua Kyogre
67%
V Dragon/Hielo Kyurem
67%
III Normal Kecleon
58%
V Agua/Lucha Keldeo
58%
V Acero Klang
58%
VI Acero/Hada Klefki
58%
V Acero Klink
58%
V Acero Klinklang
58%
VII Normal Komala
58%
VII Dragon/Lucha Kommo - o
58%
V Tierra/Siniestro Krookodile
58%
VII Planta/Acero Kartana
50%
IX Eléctrico/Volador Kilowattrel
50%
IX Lucha/Dragon Koraidon
50%
IV Bicho Kricketune
50%
V Bicho Karrablast
42%
IX iniestro/Acero Kingambit
42%
VIII Bicho/Roca Kleavor
33%
IX Roca Klawf
25%
VIII Lucha Kubfu
25%
No se encontraron pruebas coincidentes
Distribución de puntuación
Porcentaje de gente con cada puntuación
Porcentaje por número respondido
Historial de tus puntuaciones
No has intentado esta prueba.